Culture Générale - Série 2619 - Statistiques

Statistiques générales
  • Ce quiz a été pris 102 fois
  • Le résultat moyen est 4 sur 10
Statistiques - réponses
Question Réponse % Correct
En France, de quand date la séparation de l'Eglise et de l'Etat ? 1905
67%
Comment s'appelait l'O.N.U en 1919 ? S.D.N
67%
Quel empereur du Japon succéda à Taisho Tenno en 1926 ? Hiro Hito
62%
De quel pays Haïlé Sélassié fut-il empereur ? Ethiopie
55%
Plat en gelée (viande, volaille, poisson, œufs…) - vipère aspic
44%
Le Grand Maître des Templiers qui fut brûlé vif en 1314 s'appelait " Jacques de .... Molay
32%
Dans la cour de quel château Napoléon Bonaparte fit-il ses adieux à la vieille garde ? Fontainebleau
31%
Vague déferlante dans certains estuaires, avec brusque élévation du niveau de la mer mascaret
22%
Les deux navires de l'expédition autour du monde entreprise par Jean-François de La Pérouse en 1785, à l'initiative du roi Louis XVI s'appelaient : "L'astrolabe et la .... boussole
17%
Qui a écrit "Joseph Balsamo" en 1846 ? prénom et nom Alexandre Dumas
14%
Aucun quiz correspondant
Distribution des résultats
% des personnes avec chaque résultat
Percentile par nombre de réponses
Votre historique - résultats
Vous n’avez pas pris ce quiz